| 000 | 01118nam a22002655i 4500 | ||
|---|---|---|---|
| 001 | 155550 | ||
| 003 | ES-MaACL | ||
| 005 | 20260616130212.0 | ||
| 008 | 040727s1796 fr |||| | fre d | ||
| 040 |
_aCAM _bspa _cCAM |
||
| 100 | 0 |
_aHomero _964112 |
|
| 240 | 1 | 0 |
_aIliada. _lFrancés |
| 245 | 1 | 2 |
_aL'Iliade d'Homere _b: avec des remarques / _cprécédé de réflexions sur Homere & sur la traduction des poëtes par M. Bitaubé; tome quatrieme. |
| 250 | _aTroisieme edition à laquelle on a joint les notes de M. Mentelle qui rapprochent la géographie ancienne des noms modernes. | ||
| 260 |
_aA Lyon : _bchez Bruyset ainé & c\pe\s, _c1796. |
||
| 300 |
_a[4], 268 p. ; _c12º. |
||
| 594 | _aMención de ed. precede a la de parte. | ||
| 594 | _aTit. de la antep.: "Oeuvres de Homere, tome quatrieme" | ||
| 597 | _aSign.: []\p2\s, A-O\p12/6\s, P\p8\s, Q\p4\s. | ||
| 597 | _aPort. con viñeta xil. | ||
| 597 | _aError de paginación, pasa de pag. 264 a 255. | ||
| 700 | 1 | 1 |
_aBitaubé, Paul Jeremie. _9222431 |
| 852 |
_aES-MaACL _jR-1677-88 _z-- Enc. pasta española _xOlim: F-625-36 |
||
| 999 |
_c155550 _d155550 |
||